000 00637nam a2200217Ia 4500
003 OSt
005 20220918202505.0
006 a|||||r|||| 00| 0
007 ta
008 220917b |||||||| |||| 00| 0 eng d
024 _a101,648
037 _cTextual
040 _aARTS
_cARTS
_beng
041 _2eng
_aeng
082 _aV236, K1;M8-;1
100 _aTandon Prakash
_9104027
245 0 _aPunjabi Saga 1857-1987
_b Trilogy including Punjabi centuri, Beyond Punjab and return to Punjab
260 _aNew Delhi
_bViking
_c1988
942 _hV236, K1;M8-;1
_cTEXL
_2CC
999 _c225115
_d225115